000 nam a22 a 4500
999 _c3996
_d3996
005 20170524152223.0
008 170524s2010 my ||||| |||| 00| 0 may d
040 _aAKMAL
082 _a352.448595 JKDM
090 _a352.448595
_bJKDM
245 1 0 _aProgram Transformasi Kastam :
_bPelan Hala Tuju T15 /
_cdihasilkan oleh Jabatan Kastam Diraja Malaysia.
260 _aPutrajaya:
_bJabatan Kastam Diraja Malaysia,
_c2010
300 _a180mukasurat:
_bil. wrn.
_c25cm
650 1 0 _aCustoms Administration
_xLaw and legislation
_96000
710 2 _aJabatan Kastam Diraja Malaysia
_9836
942 _2ddc
_cBOOK
950 _lAKMAL